Top 10 Richest and Poorest Countries - Statistics

General Stats
  • This quiz has been taken 68 times
  • The average score is 9 of 20
Answer Stats
Hint Answer % Correct
top 10 richest 1 Qatar
82%
top 10 richest 10 Monaco
78%
top 10 richest 9 Switzerland
69%
top 10 richest 8 United Arab Emirates
69%
top 10 richest 2 Luxembourg
67%
top 10 richest 7 Kuwait
56%
top 10 richest 3 Singapore
55%
top 10 richest 6 Norway
53%
top 10 poorest 5 Niger
47%
top 10 richest 4 Brunei
44%
top 10 poorest 2 Democratic Republic Of Congo
44%
top 10 poorest 3 Burundi
40%
top 10 poorest 6 Malawi
40%
top 10 richest 5 Ireland
38%
top 10 poorest 1 Central African Republic
33%
top 10 poorest 8 Guinea
27%
top 10 poorest 4 Liberia
22%
top 10 poorest 7 Mozambique
20%
top 10 poorest 9 Eritrea
18%
top 10 poorest 10 Madagascar
16%
No matching quizzes found
Score Distribution
Percent of People with Each Score
Percentile by Number Answered
Your Score History
You have not taken this quiz